Just emotions: rituals of restorative justice (Record no. 8379)

MARC details
000 -LEADER
fixed length control field 00470nam a2200169Ia 4500
020 ## - INTERNATIONAL STANDARD BOOK NUMBER
ISBN 9780199655045
082 ## - DEWEY DECIMAL CLASSIFICATION NUMBER
Classification number 364.68 ROS-;
100 ## - MAIN ENTRY--AUTHOR NAME
Personal name Rossner, Meredith
245 #0 - TITLE STATEMENT
Title Just emotions: rituals of restorative justice
260 ## - PUBLICATION, DISTRIBUTION, ETC. (IMPRINT)
Place of publication Oxford
Name of publisher Oxford University Press
Year of publication 2013
300 ## - PHYSICAL DESCRIPTION
Number of Pages xvi, 183
440 ## - SERIES STATEMENT/ADDED ENTRY--TITLE
Title Clarendon studies in criminology
650 ## - SUBJECT ADDED ENTRY--TOPICAL TERM
Topical Term RESTORATIVE JUSTICE
650 ## - SUBJECT ADDED ENTRY--TOPICAL TERM
Topical Term CRIMINAL JUSTICE, ADMINISTRATION OF
650 ## - SUBJECT ADDED ENTRY--TOPICAL TERM
Topical Term REPARATION
942 ## - ADDED ENTRY ELEMENTS (KOHA)
Koha item type Books
Holdings
Withdrawn status Lost status Damaged status Not for loan Home library Current library Date acquired Source of acquisition Bill Date Full call number Accession Number Price effective from Koha item type
        NASSDOC Library NASSDOC Library 15/12/2014 BSB 2014-11-19 364.68 ROS-; 48523 18/04/2019 Books